[Event "FIDE Online Olympiad"]
[Site "Chess.com"]
[Date "2020.08.01"]
[EventDate "2020.07.31"]
[Round "6"]
[Result "1-0"]
[White "Lubov Bobrova"]
[Black "Alexandra Kaslan"]
[WhiteElo "1403"]
[BlackElo "1435"]
[PlyCount "137"]

1. d4 g6 2. c4 Bg7 3. Nc3 e6 4. Nf3 Nf6 5. Bg5 d6 6. e3 O-O
7. Be2 Nbd7 8. O-O c5 9. Rc1 h6 10. Bh4 g5 11. Bg3 Nb6
12. dxc5 dxc5 13. Qxd8 Rxd8 14. Bc7 Re8 15. Bxb6 axb6 16. a3
Bd7 17. Ne5 Bc6 18. Bf3 Bxf3 19. Nxf3 Nd7 20. Rc2 f5 21. Nb5
Rad8 22. h3 Nb8 23. g3 Nc6 24. Kg2 e5 25. Nc7 Re7 26. Nd5 Red7
27. Nxb6 Rd1 28. Nd5 Rxf1 29. Kxf1 e4 30. Nd2 Kf7 31. Nb3 b5
32. cxb5 Rxd5 33. bxc6 Be5 34. Nxc5 Ke7 35. Nd7 Bc7 36. Ke2 h5
37. b4 Rb5 38. Rc4 Kd6 39. a4 Rd5 40. b5 Ba5 41. b6 Rd2+
42. Kf1 Rd1+ 43. Kg2 Bxb6 44. Nxb6 Kc7 45. Nd7 Ra1 46. Ne5 Ra3
47. Rb4 Kc8 48. Nf7 g4 49. hxg4 fxg4 50. Ng5 Kc7 51. Rc4 Rb3
52. Nxe4 Rb6 53. Nf6 Rxc6 54. Rxc6+ Kxc6 55. Nxh5 Kb6 56. f3
gxf3+ 57. Kxf3 Ka5 58. e4 Kxa4 59. Kf4 Kb5 60. e5 Kc6 61. Kf5
Kd7 62. e6+ Ke7 63. g4 Ke8 64. g5 Kf8 65. g6 Ke8 66. Kf6 Kf8
67. e7+ Ke8 68. g7 Kd7 69. g8=Q 1-0

[Event "FIDE Online Olympiad"]
[Site "Chess.com"]
[Date "2020.08.01"]
[EventDate "2020.07.31"]
[Round "6"]
[Result "1-0"]
[White "Rohan Karamchandani"]
[Black "Folly Cedric Kueviakoe"]
[WhiteElo "1495"]
[BlackElo "1561"]
[PlyCount "53"]

1. e4 e6 2. d4 d5 3. exd5 exd5 4. Nf3 Nc6 5. Nc3 h6 6. Bb5 Nf6
7. O-O Be7 8. Re1 O-O 9. h3 Bf5 10. Bf4 Bd6 11. Qd2 Bb4
12. Bd3 Bxd3 13. Qxd3 Ne4 14. Re2 Bxc3 15. bxc3 f5 16. a3 Ne7
17. Ne5 Kh7 18. Rae1 Ng6 19. Nxg6 Kxg6 20. f3 Ng5 21. Re7 Rc8
22. R1e5 c5 23. dxc5 Rxc5 24. h4 Ne4 25. fxe4 fxe4 26. Qg3+
Kf6 27. Qxg7# 1-0

[Event "FIDE Online Olympiad"]
[Site "Chess.com"]
[Date "2020.08.01"]
[EventDate "2020.07.31"]
[Round "6"]
[Result "1-0"]
[White "Danitza Vazquez Maccarini"]
[Black "Esperanca Caxita"]
[WhiteElo "2014"]
[BlackElo "1837"]
[PlyCount "105"]

1. e4 d5 2. exd5 Qxd5 3. Nc3 Qd6 4. d4 Nf6 5. Nf3 a6 6. Bc4
Nc6 7. h3 Bf5 8. O-O e6 9. Re1 O-O-O 10. Be3 Bg6 11. Qe2 Bh5
12. Rad1 Be7 13. a3 Nd5 14. Ne4 Qd7 15. Ng3 Nxe3 16. Qxe3 Bxf3
17. Qxf3 Bf6 18. c3 Na5 19. Bxa6 Qd5 20. Be2 Qxf3 21. Bxf3 Nc4
22. Re2 e5 23. b3 Na5 24. b4 Nc4 25. d5 Nxa3 26. Ra2 Nb5
27. Bg4+ Kb8 28. Rda1 c6 29. dxc6 bxc6 30. c4 Nc7 31. Ne4 Be7
32. Nc5 h5 33. Nd7+ Kc8 34. Nxe5+ hxg4 35. Nxf7 gxh3 36. Nxh8
h2+ 37. Kh1 Bf6 38. Nf7 Rd7 39. Re1 Rxf7 40. Kxh2 Be7 41. c5
Bh4 42. g3 Bf6 43. Kg2 Bc3 44. Re4 Rd7 45. Ra7 Kb8 46. Ra3 Nb5
47. Ra6 Nc7 48. Rxc6 Rd4 49. Re7 Nd5 50. Rxg7 Rxb4 51. Rh7 Rb2
52. Rd6 Ne3+ 53. Kf3 1-0

[Event "FIDE Online Olympiad"]
[Site "Chess.com"]
[Date "2020.08.01"]
[EventDate "2020.07.31"]
[Round "6"]
[Result "1-0"]
[White "Jemima Paulo"]
[Black "Ciara Bernadette Richiez Guillen"]
[WhiteElo "1599"]
[BlackElo "1417"]
[PlyCount "91"]

1. c4 Nf6 2. Nc3 e5 3. g3 Bc5 4. Nf3 Ng4 5. e3 Nc6 6. Bg2 O-O
7. O-O a6 8. a3 Be7 9. b4 d6 10. Bb2 Be6 11. Nd5 Nf6 12. Ne1
e4 13. Nxe7+ Qxe7 14. Rc1 Bg4 15. Bxf6 Bxd1 16. Bxe7 Rfe8
17. Bh4 Be2 18. g4 Bxf1 19. Kxf1 a5 20. b5 Nd8 21. c5 dxc5
22. Rxc5 Ne6 23. Rc4 g5 24. Bg3 Rad8 25. Ke2 b6 26. Bxe4 Nc5
27. Bf5 Nb3 28. d3 Nd4+ 29. Kf1 Nxf5 30. gxf5 Rd7 31. Bxc7 Rc8
32. Bxb6 Rxc4 33. dxc4 Rb7 34. Bxa5 Kf8 35. Ke2 Ke8 36. Kd3
Kd7 37. Kd4 Kd6 38. Nf3 f6 39. a4 h5 40. Bd8 g4 41. Nd2 Ra7
42. a5 Kd7 43. Bb6 Ra8 44. c5 Ke7 45. Kd5 h4 46. Ne4 1-0

[Event "FIDE Online Olympiad"]
[Site "Chess.com"]
[Date "2020.08.01"]
[EventDate "2020.07.31"]
[Round "4"]
[Result "1-0"]
[White "Alexander Gentil Costa"]
[Black "Aaron Ramtulla"]
[WhiteElo "1804"]
[BlackElo "1191"]
[PlyCount "97"]

1. c4 e5 2. g3 Nc6 3. Bg2 Nf6 4. Nf3 Bc5 5. O-O h6 6. a3 O-O
7. b4 Be7 8. Bb2 d5 9. cxd5 Qxd5 10. Nxe5 Qd6 11. Nxc6 bxc6
12. Qc2 Bb7 13. Bxf6 Bxf6 14. Nc3 Ba6 15. Ne4 Qe6 16. Nxf6+
Qxf6 17. Rfe1 Bb7 18. Rac1 a5 19. Bxc6 Bxc6 20. Qxc6 Qxc6
21. Rxc6 axb4 22. axb4 Rfc8 23. Rec1 Ra4 24. b5 Rb4 25. b6
Rxb6 26. Rxb6 cxb6 27. Rxc8+ Kh7 28. Rb8 g5 29. Rxb6 Kg7
30. e3 f6 31. d4 Kg6 32. e4 Kh5 33. h3 g4 34. h4 f5 35. Rb5
Kg6 36. Rxf5 h5 37. Rg5+ Kh6 38. e5 Kh7 39. Rxh5+ Kg6 40. Rg5+
Kf7 41. d5 Ke7 42. Rg7+ Kf8 43. Rxg4 Kf7 44. h5 Ke8 45. Rg7
Kf8 46. h6 Ke8 47. d6 Kf8 48. e6 Ke8 49. Rg8# 1-0

[Event "FIDE Online Olympiad"]
[Site "Chess.com"]
[Date "2020.08.01"]
[EventDate "2020.07.31"]
[Round "4"]
[Result "1-0"]
[White "Avian Pride"]
[Black "Fabio Costa Alegre"]
[WhiteElo "1208"]
[BlackElo "1576"]
[PlyCount "57"]

1. d4 f5 2. Nf3 Nf6 3. e3 g6 4. Nc3 Bg7 5. Bd3 O-O 6. O-O d6
7. g3 Nc6 8. Bc4+ d5 9. Bb3 e6 10. Re1 Ne4 11. Nxe4 fxe4
12. Nd2 Qf6 13. c4 Qxf2+ 14. Kh1 e5 15. cxd5 Bg4 16. dxc6+ Kh8
17. Rf1 Bxd1 18. Rxf2 Bxb3 19. Rxf8+ Rxf8 20. axb3 bxc6
21. Rxa7 exd4 22. exd4 Bxd4 23. Rxc7 e3 24. Nc4 Rf1+ 25. Kg2
e2 26. Bd2 Rd1 27. Re7 Bxb2 28. Rxe2 Bd4 29. Re1 1-0

[Event "FIDE Online Olympiad"]
[Site "Chess.com"]
[Date "2020.08.01"]
[EventDate "2020.07.31"]
[Round "4"]
[Result "1-0"]
[White "Wendell Meusa"]
[Black "Octavio Croes"]
[WhiteElo "1987"]
[BlackElo "1801"]
[PlyCount "111"]

1. e4 c5 2. Nc3 d6 3. g3 g6 4. d3 Bg7 5. Be3 Nc6 6. Qd2 e6
7. Bg2 Nge7 8. Bh6 O-O 9. h4 d5 10. h5 d4 11. Bxg7 Kxg7
12. hxg6 Nxg6 13. Qh6+ Kf6 14. e5+ Ncxe5 15. Ne4+ Ke7 16. Qg5+
f6 17. Rxh7+ Rf7 18. Qxf6+ Ke8 19. Rxf7 Nxf7 20. Qxg6 Qe7
21. Nf3 Kd7 22. Qxf7 Qxf7 23. Ne5+ Ke7 24. Nxf7 Kxf7 25. Nxc5
Rb8 26. f4 b6 27. Nb3 Kf6 28. Nxd4 Bd7 29. Kd2 Rg8 30. Ne2 Kf5
31. Rh1 Be8 32. Rh7 a5 33. Rb7 b5 34. Ra7 a4 35. a3 Rh8
36. Be4+ Kf6 37. g4 e5 38. g5+ Ke6 39. f5+ Kd6 40. g6 Rg8
41. b4 axb3 42. cxb3 Kc5 43. b4+ Kd6 44. Nc3 Bd7 45. Rxd7+
Kxd7 46. f6 Rh8 47. Nxb5 Rh2+ 48. Kc3 Rh3 49. f7 Ke7 50. a4
Rg3 51. a5 Kf8 52. a6 Rg1 53. a7 Ra1 54. a8=Q+ Rxa8 55. Bxa8
Kg7 56. Be4 1-0

[Event "FIDE Online Olympiad"]
[Site "Chess.com"]
[Date "2020.08.01"]
[EventDate "2020.07.31"]
[Round "4"]
[Result "1-0"]
[White "William Alfaro"]
[Black "Kevin Cupid"]
[WhiteElo "2165"]
[BlackElo "2162"]
[PlyCount "79"]

1. e4 c6 2. d4 d5 3. e5 Bf5 4. Nf3 e6 5. Be2 Bb4+ 6. c3 Ba5
7. O-O Ne7 8. Nbd2 Bc7 9. Nh4 Bg6 10. Nxg6 hxg6 11. Nf3 Nf5
12. Bd3 c5 13. dxc5 Nd7 14. Re1 Nxc5 15. Bb5+ Nd7 16. Bg5 Qc8
17. c4 a6 18. Bxd7+ Qxd7 19. cxd5 exd5 20. Qb3 O-O 21. Rad1
Ba5 22. Rxd5 Qc7 23. Rc1 Qb6 24. Qa4 Bb4 25. g4 Ne7 26. Rd7
Qe6 27. h3 b5 28. Qxb4 Qxd7 29. Bxe7 Rfc8 30. Rxc8+ Rxc8
31. Qd6 Qb7 32. Kg2 Re8 33. Bg5 Qc8 34. Be3 Re6 35. Qd5 Re7
36. Bc5 Rc7 37. b4 Rd7 38. Qe4 Qe8 39. Qc6 Qe6 40. Qc8+ 1-0

[Event "FIDE Online Olympiad"]
[Site "Chess.com"]
[Date "2020.08.01"]
[EventDate "2020.07.31"]
[Round "4"]
[Result "1-0"]
[White "Maria Esther Granados Diaz"]
[Black "Shemilah James"]
[WhiteElo "1843"]
[BlackElo "1494"]
[PlyCount "79"]

1. e4 e5 2. f4 exf4 3. Nf3 d5 4. exd5 Nf6 5. Bc4 Bd6 6. O-O
O-O 7. d4 c6 8. dxc6 Nxc6 9. c3 Bg4 10. Bb3 Ne7 11. Nbd2 Nf5
12. Nc4 Nh4 13. Nxd6 Qxd6 14. Qd2 Ne4 15. Qxf4 Bxf3 16. Qxh4
Be2 17. Re1 Bd3 18. Rxe4 Bxe4 19. Qxe4 Rfe8 20. Qh4 Qg6
21. Bf4 Re2 22. Bg3 Qc6 23. Bxf7+ Kf8 24. Qh3 Qe4 25. Rf1 Ke7
26. Qh4+ Qxh4 27. Bxh4+ Kd6 28. Bg3+ Ke7 29. Bd5 Re8 30. Rf7+
Kd8 31. Bxb7 Re1+ 32. Bxe1 Rxe1+ 33. Kf2 Rb1 34. Bd5 Rxb2+
35. Kg3 Rc2 36. Rxg7 Rxc3+ 37. Kf4 Rd3 38. Ke5 Rc3 39. Kd6 Ke8
40. Rg8# 1-0

[Event "FIDE Online Olympiad"]
[Site "Chess.com"]
[Date "2020.08.01"]
[EventDate "2020.07.31"]
[Round "4"]
[Result "1-0"]
[White "Jose Nahum Espinoza Solano"]
[Black "Isaiah McIntosh"]
[WhiteElo "1874"]
[BlackElo "1902"]
[PlyCount "133"]

1. e4 c5 2. Nf3 d6 3. d4 cxd4 4. Nxd4 Nf6 5. Nc3 a6 6. Be3 e6
7. f3 b5 8. Qd2 Bb7 9. g4 Nfd7 10. O-O-O Nb6 11. Bd3 N8d7
12. f4 Be7 13. f5 e5 14. Nf3 b4 15. Ne2 d5 16. Ng3 O-O 17. Qf2
d4 18. Bd2 Qc7 19. Kb1 Na4 20. g5 Rfb8 21. f6 Bf8 22. fxg7
Bxg7 23. Nf5 Nc3+ 24. Ka1 Nxe4 25. Bxe4 Bxe4 26. Nxg7 Kxg7
27. Rde1 Qc6 28. Rhf1 Bg6 29. Nxe5 Nxe5 30. Rxe5 Rd8 31. Bxb4
Qxc2 32. Qf6+ Kg8 33. Re7 Rac8 34. a3 Qc4 35. h4 d3 36. Bc3
Qxc3 37. bxc3 d2 38. Rd1 Rb8 39. Qf4 Rb3 40. Rxd2 Rdb8
41. Qxb8+ Rxb8 42. Red7 Kg7 43. Rb2 Rc8 44. Rb6 a5 45. Kb2 Rc4
46. Rd4 Rc5 47. Ra6 Rb5+ 48. Kc1 Rb3 49. Rxa5 Rxc3+ 50. Kd2
Rc2+ 51. Ke3 Ra2 52. a4 h6 53. gxh6+ Kxh6 54. Ra7 Ra3+ 55. Kf4
Kh5 56. Ke5 Ra2 57. a5 Kh6 58. a6 Ra5+ 59. Rd5 Ra4 60. Rd4
Ra5+ 61. Kd6 Bf5 62. Ra8 Bh3 63. a7 Bg2 64. Rg8 Bf3 65. Rf4
Bh1 66. Rxf7 Bd5 67. Rg5 1-0

[Event "FIDE Online Olympiad"]
[Site "Chess.com"]
[Date "2020.08.01"]
[EventDate "2020.07.31"]
[Round "4"]
[Result "1-0"]
[White "Malik Curriah"]
[Black "Serguei Gontcharov"]
[WhiteElo "1886"]
[BlackElo "1839"]
[PlyCount "77"]

1. e4 e5 2. Nf3 Nf6 3. Nxe5 Nxe4 4. Qe2 Qe7 5. Qxe4 d6 6. f4
f5 7. Qe3 dxe5 8. fxe5 Qh4+ 9. g3 Qe4 10. Qxe4 fxe4 11. b3 Bc5
12. Bb2 O-O 13. Bc4+ Kh8 14. Rf1 Rxf1+ 15. Bxf1 Nc6 16. Bg2
Nd4 17. Bxe4 c6 18. a4 a5 19. Bxd4 Bxd4 20. c3 Bxe5 21. d4 Bf6
22. Kd2 Be6 23. Kc2 Re8 24. Nd2 Bg5 25. b4 axb4 26. cxb4 Bxd2
27. Kxd2 Bc4 28. Bd3 Bxd3 29. Kxd3 Kg8 30. a5 Kf7 31. Rf1+ Ke6
32. Re1+ Kd7 33. Rxe8 Kxe8 34. d5 cxd5 35. Kd4 Kd7 36. Kxd5 g5
37. b5 Kc7 38. Ke5 h5 39. Kf5 1-0

[Event "FIDE Online Olympiad"]
[Site "Chess.com"]
[Date "2020.08.01"]
[EventDate "2020.07.31"]
[Round "4"]
[Result "1-0"]
[White "Darren McKennis"]
[Black "Dimitri Gontcharov"]
[WhiteElo "1607"]
[BlackElo "1456"]
[PlyCount "113"]

1. d4 Nf6 2. Nf3 d5 3. Bf4 e6 4. e3 c5 5. dxc5 Bxc5 6. Nc3 Nc6
7. Bd3 O-O 8. O-O a6 9. e4 dxe4 10. Nxe4 Nxe4 11. Bxe4 Qf6
12. Qc1 e5 13. Be3 Nd4 14. Bxd4 Bxd4 15. Nxd4 exd4 16. Qd2 Re8
17. Rfe1 Rd8 18. Rad1 Bg4 19. f3 Bf5 20. Qd3 Bxe4 21. Rxe4 Re8
22. Qxd4 Qc6 23. Rd2 h6 24. c3 Kh7 25. Qd3 Qb6+ 26. Rd4+ Kh8
27. Re2 Rxe2 28. Qxe2 Kh7 29. Qd3+ Kg8 30. b4 Re8 31. Kf2 a5
32. a4 axb4 33. cxb4 Ra8 34. a5 Qa7 35. Kf1 Rf8 36. Rd7 Qb8
37. g3 Qc8 38. Qd2 Qc6 39. Kg2 Qc8 40. b5 Qb8 41. Qd6 Qc8
42. Qc7 Qe8 43. Re7 Qa8 44. h4 Qa7 45. Qb6 Qa8 46. Rxb7 Qc8
47. Qc7 Qe8 48. Qe7 Qa8 49. a6 Qc8 50. Qc7 Qe8 51. Qe7 Qc8
52. Rc7 Qb8 53. Qc5 Qa8 54. a7 Re8 55. Qc4 Qd8 56. Qxf7+ Kh8
57. Qxg7# 1-0

[Event "FIDE Online Olympiad"]
[Site "Chess.com"]
[Date "2020.08.01"]
[EventDate "2020.07.31"]
[Round "5"]
[Result "1-0"]
[White "Dimitri Gontcharov"]
[Black "Avian Pride"]
[WhiteElo "1456"]
[BlackElo "1208"]
[PlyCount "121"]

1. e4 e5 2. Nf3 Nc6 3. d4 d6 4. d5 Nce7 5. Nc3 f5 6. Bc4 fxe4
7. Nxe4 c6 8. Bg5 Qa5+ 9. c3 cxd5 10. Nxd6+ Kd7 11. Nf7 h6
12. N3xe5+ Ke6 13. Bxe7 Nxe7 14. Qg4+ Kf6 15. Qf4+ Nf5
16. Nxh8 dxc4 17. Nhf7 Be6 18. g4 g5 19. Qf3 Bd6 20. gxf5 Bxf5
21. Nxd6 Qxe5+ 22. Ne4+ Qxe4+ 23. Qxe4 Bxe4 24. Rg1 Re8
25. O-O-O Re6 26. Rd7 Bf5 27. Rxb7 a6 28. Ra7 h5 29. Rd1 Bg4
30. Rg1 Kf5 31. Rf7+ Ke4 32. Rd7 Kf5 33. Rf7+ Rf6 34. Rxf6+
Kxf6 35. b3 cxb3 36. axb3 Be6 37. Kb2 g4 38. c4 Kf5 39. Kc3
Kf4 40. c5 Kf3 41. Re1 Bd7 42. Re7 Bb5 43. Rh7 Be8 44. Rh8 Bf7
45. Rf8 Kg2 46. Rxf7 Kxh2 47. Rh7 Kg2 48. Rxh5 Kxf2 49. Rg5 g3
50. Rxg3 Kxg3 51. c6 Kf4 52. c7 Ke5 53. c8=Q Kd6 54. Kd4 a5
55. Qc5+ Kd7 56. Kd5 Kd8 57. Kd6 Ke8 58. Qc7 Kf8 59. Ke6 Kg8
60. Kf6 Kh8 61. Qg7# 1-0

[Event "FIDE Online Olympiad"]
[Site "Chess.com"]
[Date "2020.08.01"]
[EventDate "2020.07.31"]
[Round "5"]
[Result "1-0"]
[White "Kevin Cupid"]
[Black "Malik Curriah"]
[WhiteElo "2162"]
[BlackElo "1886"]
[PlyCount "101"]

1. d4 Nf6 2. Nf3 g6 3. g3 Bg7 4. Bg2 O-O 5. O-O d6 6. b3 c5
7. e3 Nc6 8. Bb2 Ne4 9. Nfd2 Nxd2 10. Qxd2 Bd7 11. c4 Qc8
12. dxc5 Bxb2 13. Qxb2 dxc5 14. Nc3 Bh3 15. Nd5 Bxg2 16. Kxg2
e5 17. f4 f5 18. fxe5 Rf7 19. e4 Qe6 20. exf5 gxf5 21. Rae1
Nd4 22. Qd2 Rg7 23. Rf4 Rd8 24. Rxd4 cxd4 25. Qxd4 Rgd7
26. Nf6+ Qxf6 27. Qxd7 Qb6 28. Qxf5 Rd2+ 29. Kh3 Qh6+ 30. Kg4
Qxh2 31. Qg5+ Kh8 32. Re4 Rd7 33. Rf4 h5+ 34. Qxh5+ Qxh5+
35. Kxh5 Kg7 36. e6 Rd2 37. Rf7+ Kg8 38. g4 Rxa2 39. g5 b6
40. g6 Re2 41. e7 b5 42. Rf8+ Kg7 43. e8=Q Rxe8 44. Rxe8 bxc4
45. bxc4 a6 46. Kg5 a5 47. Re7+ Kf8 48. Kf6 a4 49. g7+ Kg8
50. Re8+ Kh7 51. Rh8# 1-0

[Event "FIDE Online Olympiad"]
[Site "Chess.com"]
[Date "2020.08.01"]
[EventDate "2020.07.31"]
[Round "5"]
[Result "1-0"]
[White "Isaiah McIntosh"]
[Black "John Stephenson"]
[WhiteElo "1902"]
[BlackElo "1343"]
[PlyCount "69"]

1. e4 c5 2. Nf3 d6 3. d4 cxd4 4. Nxd4 Nf6 5. Nc3 a6 6. f3 e5
7. Nb3 Be6 8. Be3 Be7 9. Qd2 Nbd7 10. O-O-O O-O 11. g4 b5
12. Kb1 Nb6 13. g5 Nh5 14. Nd5 Bxd5 15. exd5 Rc8 16. Na5 Nxd5
17. Nb7 Nc3+ 18. bxc3 Qc7 19. Qd5 Qxc3 20. Bd3 Rb8 21. Bd2 Qc7
22. Na5 Rfc8 23. Nb3 g6 24. Ba5 Qa7 25. Be4 Nf4 26. Qd2 Bxg5
27. Qxd6 Re8 28. Qc5 Qxc5 29. Nxc5 f5 30. Bc6 Rec8 31. Nxa6
Ra8 32. Bxa8 Rxa8 33. Rd6 Be7 34. Rb6 Nd5 35. Rxb5 1-0

[Event "FIDE Online Olympiad"]
[Site "Chess.com"]
[Date "2020.08.01"]
[EventDate "2020.07.31"]
[Round "5"]
[Result "1-0"]
[White "Rachel Miller"]
[Black "Zara La Fleur"]
[WhiteElo "2004"]
[BlackElo "1299"]
[PlyCount "133"]

1. e4 e5 2. Nf3 Nc6 3. Bc4 Bc5 4. c3 Nf6 5. d3 O-O 6. O-O d6
7. a4 a6 8. h3 Ne7 9. d4 exd4 10. cxd4 Bb6 11. Re1 Ng6 12. Nc3
Be6 13. Bf1 Re8 14. a5 Ba7 15. Bg5 h6 16. Bd2 Nh5 17. g3 Qc8
18. Kh2 Nf6 19. Qc2 Bd7 20. Rac1 Bc6 21. Bg2 Qd8 22. d5 Bd7
23. Be3 Bxe3 24. Rxe3 c6 25. dxc6 Bxc6 26. b4 Rc8 27. Nd4 Bd7
28. Qd1 Ne5 29. f4 Nc6 30. Nc2 Be6 31. Rd3 Bb3 32. Rxd6 Qe7
33. e5 Nh7 34. Nd5 Bxd5 35. Bxd5 Red8 36. Bxc6 bxc6 37. Na3
Rxd6 38. exd6 Qd7 39. Nc4 Rd8 40. Qf3 Nf6 41. Re1 Nd5 42. Qb3
Re8 43. Rxe8+ Qxe8 44. Ne5 f6 45. d7 Qd8 46. Nxc6 Qxd7
47. Qxd5+ Qxd5 48. Ne7+ Kf7 49. Nxd5 Ke6 50. Nc7+ Kd6 51. Nxa6
Kc6 52. Nc5 Kb5 53. Kg2 Kxb4 54. a6 Kxc5 55. a7 Kd6 56. a8=Q
Ke7 57. Qa7+ Kf8 58. Qc7 Kg8 59. Kf3 Kh7 60. Kg4 Kg6 61. Qc2+
Kf7 62. Kh5 Kg8 63. Kg6 Kf8 64. Qc7 Ke8 65. Kxg7 f5 66. Kf6 h5
67. Qe7# 1-0

[Event "FIDE Online Olympiad"]
[Site "Chess.com"]
[Date "2020.08.01"]
[EventDate "2020.07.31"]
[Round "5"]
[Result "1-0"]
[White "Johan Leon Sandoval"]
[Black "Yolander Persaud"]
[WhiteElo "1667"]
[BlackElo "1109"]
[PlyCount "101"]

1. c4 g6 2. g3 Bg7 3. Bg2 Nf6 4. Nf3 d6 5. O-O O-O 6. b3 Nbd7
7. Bb2 Re8 8. d3 e5 9. Nbd2 a5 10. a3 a4 11. b4 b6 12. Nxe5
dxe5 13. Bxa8 Nh5 14. Bg2 f5 15. e3 Nf8 16. Rc1 Qxd3 17. Qc2
Qxc2 18. Rxc2 Ne6 19. Nf3 e4 20. Nd4 Nxd4 21. Bxd4 Bxd4
22. exd4 Rd8 23. d5 Ba6 24. b5 Bb7 25. Rd2 Nf6 26. Rfd1 Nd7
27. d6 c5 28. bxc6 Bxc6 29. Bf1 Kf7 30. Rb1 Ke6 31. Re1 Nc5
32. f3 Nb3 33. Rdd1 Rxd6 34. fxe4 Bxe4 35. Rxd6+ Kxd6 36. Rd1+
Kc5 37. Rd7 h6 38. h4 h5 39. Rg7 Nd2 40. Rxg6 Nxf1 41. Kxf1
Bd3+ 42. Kf2 Bxc4 43. Ke3 b5 44. Rg5 Be6 45. Rxh5 Kc4 46. Rh6
Bd7 47. Rd6 Be6 48. Rxe6 Kb3 49. Rb6 b4 50. axb4 Ka3 51. b5
1-0

[Event "FIDE Online Olympiad"]
[Site "Chess.com"]
[Date "2020.08.01"]
[EventDate "2020.07.31"]
[Round "5"]
[Result "1-0"]
[White "Bitia Cruz"]
[Black "Samantha Aponte"]
[WhiteElo "1770"]
[BlackElo "1087"]
[PlyCount "69"]

1. e4 e5 2. Nf3 Nc6 3. Bc4 Nf6 4. d3 Bc5 5. c3 d6 6. b4 Bb6
7. a4 a6 8. a5 Ba7 9. h3 Be6 10. Nbd2 O-O 11. O-O d5 12. exd5
Bxd5 13. Qb3 Re8 14. Re1 Qd7 15. Bb2 Rad8 16. Rad1 Bxc4
17. dxc4 Qf5 18. c5 b6 19. cxb6 cxb6 20. axb6 Bxb6 21. c4 h6
22. c5 Bc7 23. Qa4 Na7 24. Qxa6 Bb8 25. Nf1 e4 26. Rxd8 Rxd8
27. Bxf6 Qxf6 28. Qxf6 gxf6 29. Rxe4 Kh7 30. N1d2 Rd3 31. Re7
Kg6 32. Rb7 Nc6 33. b5 Na5 34. Rxb8 Rb3 35. b6 1-0

[Event "FIDE Online Olympiad"]
[Site "Chess.com"]
[Date "2020.08.01"]
[EventDate "2020.07.31"]
[Round "5"]
[Result "1-0"]
[White "Marlon Miller"]
[Black "Kyell-Jean Antonio"]
[WhiteElo "2092"]
[BlackElo "1432"]
[PlyCount "43"]

1. d4 d5 2. Nf3 e6 3. c4 c6 4. g3 Nf6 5. Bg2 Nbd7 6. O-O Be7
7. Qc2 O-O 8. Rd1 b6 9. Nfd2 Bb7 10. Nc3 Qc8 11. e4 dxe4
12. Ndxe4 Rd8 13. Bf4 Nxe4 14. Nxe4 Nf6 15. Be5 Ng4 16. h3
Nxe5 17. dxe5 Qc7 18. f4 c5 19. Nd6 Bxg2 20. Qxg2 Bxd6
21. exd6 Rxd6 22. Qxa8+ 1-0

[Event "FIDE Online Olympiad"]
[Site "Chess.com"]
[Date "2020.08.01"]
[EventDate "2020.07.31"]
[Round "5"]
[Result "1-0"]
[White "Waldyr Espirito Santo"]
[Black "Ansumana Kamara"]
[WhiteElo "1915"]
[BlackElo "1896"]
[PlyCount "95"]

1. e4 e5 2. Nf3 Nc6 3. Bc4 Be7 4. d3 Nf6 5. O-O O-O 6. Re1 d6
7. c3 Bg4 8. h3 Bh5 9. Nbd2 a6 10. Bb3 Na5 11. Bc2 c5 12. Nf1
h6 13. Ng3 Bg6 14. Nh4 Kh7 15. Qf3 b5 16. Nhf5 Ng8 17. Nxe7
Qxe7 18. Nf5 Bxf5 19. exf5 f6 20. b4 cxb4 21. cxb4 Nb7 22. Bb3
Rab8 23. Be3 Nd8 24. Qg4 Kh8 25. d4 Nc6 26. a3 Rfe8 27. Bd5
Nd8 28. Rac1 Qd7 29. dxe5 dxe5 30. Red1 Qe7 31. Bc5 Qc7
32. Bf8 Qa7 33. Bd6 Re7 34. Bxb8 Qxb8 35. Rc5 Rd7 36. Rdc1 Ne7
37. Be6 Rd4 38. Qh5 Nxe6 39. fxe6 Qd6 40. Qf7 Kh7 41. Rc7 Rd1+
42. Rxd1 Qxd1+ 43. Kh2 Nf5 44. Qxf6 Qd3 45. Qxe5 Kg6 46. Rf7
h5 47. g4 hxg4 48. hxg4 1-0

[Event "FIDE Online Olympiad"]
[Site "Chess.com"]
[Date "2020.08.01"]
[EventDate "2020.07.31"]
[Round "6"]
[Result "1-0"]
[White "Mansfield Thomas Winston Gerald"]
[Black "Aaron Ramtulla"]
[WhiteElo "1806"]
[BlackElo "1191"]
[PlyCount "65"]

1. e4 e5 2. Nf3 Nc6 3. Bb5 a6 4. Ba4 Nf6 5. d3 Bc5 6. c3 d5
7. Qe2 O-O 8. O-O b5 9. Bb3 dxe4 10. dxe4 h6 11. h3 Qe7
12. Nbd2 b4 13. Re1 a5 14. Ba4 Bd7 15. Nf1 Rfe8 16. Ng3 Ra7
17. Bd2 Bb6 18. Nh4 Kf8 19. Nhf5 Bxf5 20. Nxf5 Qd7 21. Rad1
Qe6 22. Qf3 Nd4 23. cxd4 exd4 24. Bxe8 Nxe8 25. b3 Bc5 26. Bf4
g5 27. Bc1 a4 28. Bb2 axb3 29. axb3 Ra2 30. Bxd4 Bxd4 31. Nxd4
Qe7 32. Qf5 Ng7 33. Qh7 1-0

[Event "FIDE Online Olympiad"]
[Site "Chess.com"]
[Date "2020.08.01"]
[EventDate "2020.07.31"]
[Round "6"]
[Result "1-0"]
[White "Peter van den Brink"]
[Black "Waldyr Espirito Santo"]
[WhiteElo "2180"]
[BlackElo "1915"]
[PlyCount "65"]

1. c4 c5 2. g3 Nc6 3. Bg2 g6 4. Nc3 Bg7 5. Nf3 e5 6. O-O Nge7
7. a3 O-O 8. Rb1 a5 9. d3 d6 10. Ne1 Be6 11. Nd5 h6 12. Nc2 f5
13. b4 axb4 14. axb4 f4 15. gxf4 exf4 16. Nxf4 Bf7 17. bxc5
dxc5 18. Rxb7 Rc8 19. Ne3 Qd6 20. Nfd5 Nf5 21. Nxf5 gxf5
22. Bf4 Qg6 23. Kh1 Kh8 24. Rg1 Qe6 25. e3 Rfd8 26. Nb6 Qf6
27. Nxc8 Rxc8 28. Rb6 Be8 29. Bd5 Qh4 30. Qf3 Ne5 31. Bxe5
Bxe5 32. Rg8+ Kh7 33. Qxf5+ 1-0

[Event "FIDE Online Olympiad"]
[Site "Chess.com"]
[Date "2020.08.01"]
[EventDate "2020.07.31"]
[Round "6"]
[Result "1-0"]
[White "Admilton de Ceita dos Santos Nascimento"]
[Black "Hubert Randolf Tromp"]
[WhiteElo "1817"]
[BlackElo "1609"]
[PlyCount "126"]

1. d4 Nf6 2. e3 c5 3. c3 d5 4. Nf3 g6 5. Be2 Nbd7 6. Bd2 Bg7
7. b4 cxd4 8. Nxd4 a6 9. O-O e5 10. Nb3 O-O 11. Kh1 e4 12. f4
exf3 13. gxf3 b6 14. Na3 Bb7 15. Nd4 b5 16. Nac2 Nb6 17. Rg1
Nc4 18. Ne1 Re8 19. Qc1 Qe7 20. Ng2 Nxd2 21. Qxd2 Rac8 22. Bd3
Nd7 23. a4 Ne5 24. axb5 axb5 25. Bxb5 Red8 26. Ra7 Nc4 27. Qd3
Bxd4 28. exd4 Rc7 29. Re1 Qf6 30. Ba6 Rdd7 31. Bxb7 Rxb7
32. Ra8+ Rd8 33. Re8+ Rxe8 34. Rxe8+ Kg7 35. Re1 Ra7 36. Qe2
Ra3 37. Rc1 Rb3 38. Qf2 h5 39. Qg3 Rb2 40. Nf4 Qf5 41. Rg1 Ne3
42. h4 Rb1 43. Nxh5+ Kh6 44. Qf4+ Qxf4 45. Nxf4 Rb3 46. Rc1 g5
47. hxg5+ Kxg5 48. Nd3 f6 49. Kg1 Nc4 50. Kf2 Ra3 51. Kg3 Kf5
52. Nc5 Ra2 53. Rb1 Ne3 54. b5 Rg2+ 55. Kh3 Rg8 56. Kh2 Kf4
57. Rb2 Rh8+ 58. Kg1 Kxf3 59. Rf2+ Kg3 60. Rxf6 Rh2 61. Rg6+
Ng4 62. Rxg4+ Kh3 63. Rh4+ Kg3 1-0

[Event "FIDE Online Olympiad"]
[Site "Chess.com"]
[Date "2020.08.01"]
[EventDate "2020.07.31"]
[Round "6"]
[Result "1-0"]
[White "Alejandro Jose Chinchilla"]
[Black "Marcos Ortiz"]
[WhiteElo "2130"]
[BlackElo "2221"]
[PlyCount "93"]

1. b3 e5 2. Bb2 Nc6 3. e3 d5 4. Bb5 Bd6 5. f4 f6 6. Qh5+ g6
7. Qh4 exf4 8. Nc3 Be6 9. Nf3 g5 10. Qf2 Nge7 11. exf4 O-O
12. O-O-O Bxf4 13. Ne2 Bd6 14. Nfd4 Bd7 15. Bxc6 bxc6 16. Ng3
Be5 17. Ndf5 Bxb2+ 18. Kxb2 Nxf5 19. Nxf5 Bxf5 20. Qxf5 Qc8
21. Qf3 a5 22. a4 Qe6 23. Rde1 Qd6 24. h4 Rae8 25. hxg5 fxg5
26. Qg4 Qf6+ 27. Kb1 Re7 28. Rxe7 Qxe7 29. Rh5 Rf1+ 30. Ka2
Qg7 31. Qc8+ Rf8 32. Qe6+ Kh8 33. Qxc6 Rf1 34. Qa8+ Rf8
35. Qxd5 Qg6 36. Qe5+ Rf6 37. Kb2 h6 38. Rh3 Kg8 39. Rd3 Rd6
40. Rxd6 cxd6 41. Qxa5 h5 42. Qd5+ Kh7 43. a5 h4 44. a6 g4
45. Qb7+ Kh6 46. a7 Qf6+ 47. Ka2 1-0

[Event "FIDE Online Olympiad"]
[Site "Chess.com"]
[Date "2020.08.01"]
[EventDate "2020.07.31"]
[Round "6"]
[Result "1-0"]
[White "Maria Esther Granados Diaz"]
[Black "Bitia Cruz"]
[WhiteElo "1843"]
[BlackElo "1770"]
[PlyCount "21"]

1. e4 e5 2. f4 exf4 3. Nf3 Be7 4. Bc4 Bh4+ 5. Kf1 d5 6. Bxd5
Nf6 7. Nxh4 Nxd5 8. exd5 Qxh4 9. Qe2+ Kf8 10. b3 Bg4 11. Ba3+
1-0